[Event "PRO League Group Stage"]
[Site "chess.com INT"]
[Date "2019.01.30"]
[Round "4"]
[White "Shabalov, Alexander"]
[Black "Azarov, Sergei"]
[Result "1-0"]
[WhiteTitle "GM"]
[BlackTitle "GM"]
[WhiteElo "2529"]
[BlackElo "2575"]
[WhiteTeam "Pittsburgh Pawngrabbers"]
[BlackTeam "New York Marshalls"]
[WhiteFideId "2008572"]
[BlackFideId "13501470"]
[EventDate "2019.01.08"]

1. e4 e5 2. Nf3 Nc6 3. Nc3 Nf6 4. Bb5 Bb4 5. O-O O-O 6. d3 d6 7. Ne2 Ne7 8. c3
Ba5 9. Ng3 Ng6 10. Re1 Bb6 11. d4 c6 12. Bd3 Re8 13. h3 h6 14. a4 a5 15. Be3 Be6
16. Nf5 Qc7 17. Qd2 d5 18. Bxh6 Nxe4 19. Bxe4 dxe4 20. Nxg7 exf3 21. Nh5 f6 22.
Nxf6+ Kf7 23. Ne4 Bd5 24. Qg5 Bxe4 25. Rxe4 Qe7 26. Qh5 Qf6 27. Rae1 Kg8 28.
dxe5 Qe6 29. Rg4 Kf7 30. Rf4+ Kg8 31. Rg4 Kf7 32. Ree4 Rg8 33. Rgf4+ Ke7 34.
Bg5+ Kd7 35. Rf6 Qe8 36. Qxf3 Kc7 37. e6 Kb8 38. e7 Ka7 39. Be3 Qd7 40. Bxb6+
Kxb6 41. Qe3+ Ka6 42. Rxg6 Rxg6 43. e8=Q Rxe8 44. Rxe8 c5 45. g3 Rd6 46. Re5
Rd1+ 47. Kg2 Qc6+ 48. Re4 Ka7 49. b4 Ka8 50. b5 Qd5 51. c4 Qd6 52. Re6 Qd7 53.
b6 Qd8 54. Re8 1-0

[Event "PRO League Group Stage"]
[Site "chess.com INT"]
[Date "2019.01.30"]
[Round "4"]
[White "Canty, James"]
[Black "Jacobson, Aaron"]
[Result "0-1"]
[BlackTitle "FM"]
[WhiteElo "2222"]
[BlackElo "2286"]
[WhiteTeam "Pittsburgh Pawngrabbers"]
[BlackTeam "New York Marshalls"]
[WhiteFideId "2055945"]
[BlackFideId "2089912"]
[EventDate "2019.01.08"]

1. e4 e5 2. Nf3 Nc6 3. d4 exd4 4. Bc4 Bc5 5. c3 Nf6 6. cxd4 Bb4+ 7. Bd2 Nxe4 8.
Bxb4 Nxb4 9. Bxf7+ Kxf7 10. Qb3+ d5 11. Ne5+ Ke6 12. Qxb4 Qf8 13. Qxf8 Rxf8 14.
f3 c5 15. fxe4 dxe4 16. Nc4 cxd4 17. Nbd2 Kd5 18. Na3 Bg4 19. h3 Bh5 20. g4 Bg6
21. Nb3 e3 22. Nb5 Rac8 23. N5xd4 Rf2 24. Rd1 Ke4 25. Rf1 Rxb2 26. Ne2 Rcc2 27.
Nbd4 Rd2 28. Rf4+ Kd5 29. Nc3+ Ke5 30. Nce2 Rxd1+ 31. Kxd1 Rb1+ 32. Nc1 Kxf4 33.
Ne2+ Kf3 34. Nd4+ Kf2 0-1

[Event "PRO League Group Stage"]
[Site "chess.com INT"]
[Date "2019.01.30"]
[Round "4"]
[White "Dreev, Aleksey"]
[Black "Zhao, Jun"]
[Result "1-0"]
[WhiteTitle "GM"]
[BlackTitle "GM"]
[WhiteElo "2670"]
[BlackElo "2610"]
[WhiteTeam "San Diego Surfers"]
[BlackTeam "Chengdu Pandas"]
[WhiteFideId "4100107"]
[BlackFideId "8602522"]
[EventDate "2019.01.08"]

1. d4 Nf6 2. Nf3 g6 3. g3 Bg7 4. Bg2 O-O 5. O-O d6 6. b3 a5 7. c4 a4 8. b4 c5 9.
a3 Bg4 10. Bb2 Nfd7 11. h3 Bxf3 12. Bxf3 Nc6 13. e3 cxd4 14. exd4 e5 15. dxe5
Ndxe5 16. Bd5 Qc8 17. Bg2 Nf3+ 18. Qxf3 Bxb2 19. Ra2 Bg7 20. Nd2 Rb8 21. Qd5 Nd4
22. Ne4 Nf5 23. Rd1 Re8 24. Rad2 Re5 25. Qd3 Re6 26. c5 dxc5 27. Nxc5 Rd6 28.
Qe4 Rxd2 29. Rxd2 b6 30. Nd3 Qc3 31. Re2 Qxa3 32. Qd5 Qa1+ 33. Kh2 Qd4 34. Nf4
a3 35. Qb3 Qd6 36. Qxa3 Nd4 37. Re4 h6 38. Qa2 Qxb4 39. Nd5 Qb3 40. Ne7+ Kh7 41.
Qd2 Re8 42. Qf4 Qc3 43. Qxf7 Rf8 44. Qxg6+ Kh8 45. Rg4 Nf3+ 46. Bxf3 Rxf3 47.
Qe8+ Kh7 48. Qg6+ Kh8 49. Qe8+ Rf8 50. Ng6+ 1-0

[Event "PRO League Group Stage"]
[Site "chess.com INT"]
[Date "2019.01.30"]
[Round "4"]
[White "Bai, Jinshi"]
[Black "Brown, Michael William"]
[Result "1-0"]
[WhiteTitle "GM"]
[BlackTitle "IM"]
[WhiteElo "2572"]
[BlackElo "2524"]
[WhiteTeam "Chengdu Pandas"]
[BlackTeam "San Diego Surfers"]
[WhiteFideId "8602280"]
[BlackFideId "2037602"]
[EventDate "2019.01.08"]

1. Nf3 d5 2. d4 Nf6 3. c4 e6 4. g3 Nc6 5. Bg2 dxc4 6. Qa4 Bb4+ 7. Bd2 Bd6 8. O-O
O-O 9. Rd1 Bd7 10. Qxc4 Qe7 11. Bg5 e5 12. Nc3 exd4 13. Nd5 Qe6 14. Bxf6 gxf6
15. Nxd4 Nxd4 16. Qxd4 Be5 17. Qh4 f5 18. Bh3 f6 19. Bxf5 1-0

[Event "PRO League Group Stage"]
[Site "chess.com INT"]
[Date "2019.01.30"]
[Round "4"]
[White "Sheng, Joshua"]
[Black "Li, Di"]
[Result "0-1"]
[WhiteTitle "IM"]
[BlackTitle "IM"]
[WhiteElo "2451"]
[BlackElo "2488"]
[WhiteTeam "San Diego Surfers"]
[BlackTeam "Chengdu Pandas"]
[WhiteFideId "2057360"]
[BlackFideId "8607508"]
[EventDate "2019.01.08"]

1. e4 e5 2. Nf3 Nf6 3. Nxe5 d6 4. Nf3 Nxe4 5. Nc3 Nf6 6. d4 Be7 7. Bg5 h6 8. Bh4
Nh5 9. Qe2 Nf4 10. Qe3 Ng6 11. Bxe7 Qxe7 12. Nd5 Qxe3+ 13. fxe3 Kd8 14. Bd3 Be6
15. Nc3 Ne7 16. Kd2 Nd7 17. Rhf1 c6 18. Ne2 d5 19. Nh4 Nf6 20. h3 Nc8 21. Nf4
Bd7 22. Bf5 Nd6 23. Bxd7 Kxd7 24. b3 Nfe4+ 25. Kd3 g5 26. Nf3 gxf4 27. Ne5+ Ke6
28. Rxf4 f6 0-1

[Event "PRO League Group Stage"]
[Site "chess.com INT"]
[Date "2019.01.30"]
[Round "4"]
[White "Zhai, Mo"]
[Black "Kiewra, Keaton"]
[Result "1-0"]
[WhiteTitle "WGM"]
[BlackTitle "IM"]
[WhiteElo "2365"]
[BlackElo "2362"]
[WhiteTeam "Chengdu Pandas"]
[BlackTeam "San Diego Surfers"]
[WhiteFideId "8600201"]
[BlackFideId "2019280"]
[EventDate "2019.01.08"]

1. d4 Nf6 2. c4 g6 3. Nc3 Bg7 4. g3 d5 5. cxd5 Nxd5 6. Bg2 Nb6 7. Nf3 Nc6 8. e3
O-O 9. O-O Re8 10. a3 e5 11. d5 Ne7 12. e4 Bg4 13. h3 Bxf3 14. Qxf3 c6 15. Bg5
cxd5 16. exd5 h6 17. Bxe7 Rxe7 18. Rfd1 f5 19. d6 Rd7 20. Nb5 e4 21. Qb3+ Kh7
22. a4 Qf6 23. a5 Nc8 24. Nc7 Rb8 25. Na6 Ra8 26. Nc5 Rd8 27. Nxb7 Rb8 28. Qd5
Rd7 29. a6 Nxd6 30. Nxd6 Rbd8 31. Nxe4 fxe4 32. Qxd7 Rxd7 33. Rxd7 e3 34. fxe3
Qe6 35. Rad1 h5 36. h4 Kh6 37. R1d3 Qxa6 38. Ra3 Qe2 39. Raxa7 g5 40. hxg5+ Kxg5
41. Rxg7+ Kf6 42. Raf7+ Ke6 43. Re7+ Kf6 44. Rgf7+ Kg5 45. Rf4 Qxb2 46. Kh2 Qa3
47. Rg7+ Kh6 48. Rgf7 Qxe3 49. R4f6+ Kg5 50. Rf5+ Kg6 51. R7f6+ Kg7 52. Rf7+ Kg6
53. R5f6+ Kg5 54. Rd6 h4 55. Rg7+ Kf5 56. g4+ Kf4 57. Rf6+ Ke5 58. Re7+ Kxf6 59.
Rxe3 1-0

[Event "PRO League Group Stage"]
[Site "chess.com INT"]
[Date "2019.01.30"]
[Round "4"]
[White "Lenderman, Aleksandr"]
[Black "Safarli, Eltaj"]
[Result "0-1"]
[WhiteTitle "GM"]
[BlackTitle "GM"]
[WhiteElo "2637"]
[BlackElo "2681"]
[WhiteTeam "Montclair Sopranos"]
[BlackTeam "San Jose Hackers"]
[WhiteFideId "2021285"]
[BlackFideId "13402129"]
[EventDate "2019.01.08"]

1. Nf3 Nf6 2. c4 e6 3. g3 d5 4. Bg2 Be7 5. O-O O-O 6. d4 dxc4 7. Ne5 Nc6 8. Nxc6
bxc6 9. Na3 Bxa3 10. bxa3 Ba6 11. a4 Qd6 12. Qd2 Rab8 13. Qa5 Rb6 14. e4 Qb4 15.
Qxb4 Rxb4 16. Ba3 Rxa4 17. Bxf8 Kxf8 18. Rfc1 Ra3 19. f3 Nd7 20. Bf1 Nb6 21. Kf2
Ke7 22. Rc2 Kd6 23. Rd1 Bb5 24. e5+ Kd7 25. Ra1 Nd5 26. Bxc4 Ne3 27. Bb3 Rxb3
28. axb3 Nxc2 29. Rxa7 Nxd4 30. b4 Nc2 31. Ra8 Nxb4 32. Rg8 g6 33. Rg7 Nd3+ 34.
Ke3 Nxe5 35. Rxh7 c5 36. f4 Nc4+ 37. Kd3 Nd6+ 38. Kc2 Be2 39. Rh8 c4 40. Kd2 Bd3
41. h4 Ne4+ 42. Ke3 Nxg3 0-1

[Event "PRO League Group Stage"]
[Site "chess.com INT"]
[Date "2019.01.30"]
[Round "4"]
[White "Yoo, Christopher Woojin"]
[Black "Checa, Nicolas"]
[Result "0-1"]
[WhiteTitle "FM"]
[BlackTitle "IM"]
[WhiteElo "2388"]
[BlackElo "2508"]
[WhiteTeam "San Jose Hackers"]
[BlackTeam "Montclair Sopranos"]
[WhiteFideId "30909694"]
[BlackFideId "2069342"]
[EventDate "2019.01.08"]

1. e4 e6 2. d4 d5 3. Nc3 Bb4 4. e5 Ne7 5. a3 Bxc3+ 6. bxc3 c5 7. Qg4 Kf8 8. Bd3
Qa5 9. Bd2 Qa4 10. Nf3 c4 11. Be2 Qxc2 12. O-O Nbc6 13. Qf4 h6 14. Rfb1 Qe4 15.
Qxe4 dxe4 16. Ne1 Na5 17. Bd1 b6 18. g3 Bb7 19. Ng2 Kg8 20. Bc2 Rc8 21. Re1 g6
22. Bxe4 Bxe4 23. Rxe4 Nd5 24. Be1 Kg7 25. f4 Rhd8 26. g4 b5 27. Ra2 Nc6 28. Rf2
a5 29. f5 b4 30. axb4 axb4 31. fxe6 fxe6 32. cxb4 c3 33. Ne3 Ncxb4 34. Nc2 Rc4
35. Kf1 Rdc8 36. Rfe2 Rf8+ 37. Bf2 Nf4 38. Na3 Rcc8 39. R2e3 c2 40. Nxc2 Rxc2
41. Rf3 Nbd5 42. Bg3 g5 43. h4 Ra8 44. Re1 Rac8 45. Rb3 Rc1 46. Rb7+ Kg8 47.
hxg5 hxg5 48. Ra7 Rxe1+ 49. Bxe1 Rc1 50. Ra3 Rc2 51. Ba5 Kf7 52. Bd8 Kg6 53. Ra7
Ne3+ 54. Kg1 Rg2+ 55. Kh1 Ne2 0-1

[Event "PRO League Group Stage"]
[Site "chess.com INT"]
[Date "2019.01.30"]
[Round "4"]
[White "Foisor, Sabina-Francesca"]
[Black "Ravuri, Vinesh"]
[Result "0-1"]
[WhiteTitle "WGM"]
[WhiteElo "2276"]
[BlackElo "2042"]
[WhiteTeam "Montclair Sopranos"]
[BlackTeam "San Jose Hackers"]
[WhiteFideId "1212915"]
[BlackFideId "45042632"]
[EventDate "2019.01.08"]

1. d4 Nf6 2. c4 g6 3. Nf3 Bg7 4. g3 O-O 5. Bg2 d6 6. O-O c6 7. Nc3 Qa5 8. a3 e5
9. b4 Qc7 10. Bb2 e4 11. Ne1 d5 12. Rc1 Qd8 13. Nc2 Re8 14. cxd5 cxd5 15. e3 Nc6
16. f3 exf3 17. Qxf3 Bg4 18. Qf2 Bf5 19. Kh1 Bd3 20. Rfd1 Ng4 21. Qf3 Bxc2 22.
Qxg4 Bxd1 23. Rxd1 Ne7 24. Qf3 Rc8 25. Rf1 Nf5 26. Nxd5 Rc2 27. Ba1 Nd6 28. Qf4
f5 29. g4 Rxg2 30. Kxg2 Nc4 31. Qf3 Re4 32. Nc3 Nxe3+ 33. Kh1 Nxf1 34. Nxe4 fxe4
35. Qxf1 Qd5 36. Qd1 e3+ 37. Kg1 Qe4 38. Qe2 Kh8 39. Qc4 Qxg4+ 0-1

[Event "PRO League Group Stage"]
[Site "chess.com INT"]
[Date "2019.01.30"]
[Round "4"]
[White "Sarana, Alexey"]
[Black "Robson, Ray"]
[Result "1-0"]
[WhiteTitle "GM"]
[BlackTitle "GM"]
[WhiteElo "2630"]
[BlackElo "2667"]
[WhiteTeam "Australia Kangaroos"]
[BlackTeam "Webster Windmills"]
[WhiteFideId "24133795"]
[BlackFideId "2023970"]
[EventDate "2019.01.08"]

1. d4 Nf6 2. c4 g6 3. Nc3 d5 4. cxd5 Nxd5 5. e4 Nxc3 6. bxc3 Bg7 7. Nf3 c5 8.
Rb1 O-O 9. Be2 Nc6 10. d5 Ne5 11. Nxe5 Bxe5 12. Qd2 e6 13. f4 Bg7 14. O-O exd5
15. exd5 Qd6 16. c4 Bd4+ 17. Kh1 b6 18. Bd3 Bd7 19. f5 Rae8 20. Qh6 Bg7 21. Bf4
Qf6 22. Qh3 Bxf5 23. Bxf5 gxf5 24. Bc7 Re4 25. d6 Rxc4 26. Rbd1 Rd4 27. d7 f4
28. Rxd4 Qxd4 29. Qf5 c4 30. Rxf4 Qd2 31. d8=Q Rxd8 32. Bxd8 Qxd8 33. Qxf7+ Kh8
34. Qxc4 Be5 35. Rf1 1-0

[Event "PRO League Group Stage"]
[Site "chess.com INT"]
[Date "2019.01.30"]
[Round "4"]
[White "Ashwin, Jayaram"]
[Black "Kuybokarov, Temur"]
[Result "1-0"]
[WhiteTitle "GM"]
[BlackTitle "IM"]
[WhiteElo "2500"]
[BlackElo "2513"]
[WhiteTeam "Webster Windmills"]
[BlackTeam "Australia Kangaroos"]
[WhiteFideId "5018137"]
[BlackFideId "14203049"]
[EventDate "2019.01.08"]

1. d4 d5 2. c4 c6 3. Nf3 Nf6 4. e3 Bf5 5. Nc3 e6 6. Nh4 Be4 7. f3 Bg6 8. Qb3 Qc7
9. Bd2 Be7 10. Rc1 dxc4 11. Bxc4 Ne4 12. fxe4 Bxh4+ 13. g3 Be7 14. O-O Nd7 15.
e5 Nb6 16. Be2 O-O 17. Bf3 Qd7 18. Ne4 Bxe4 19. Bxe4 Nd5 20. Qd3 g6 21. Bg2 Rad8
22. Ba5 b6 23. Bd2 c5 24. e4 Nc7 25. d5 exd5 26. exd5 Nxd5 27. Bh6 Rfe8 28. Rcd1
Nf6 29. Qf3 Qg4 30. Rxd8 Bxd8 31. exf6 Qd4+ 32. Kh1 Qxb2 33. Qc6 Qe2 34. Bg5 c4
35. Rc1 Qe5 36. Bf4 1-0

[Event "PRO League Group Stage"]
[Site "chess.com INT"]
[Date "2019.01.30"]
[Round "4"]
[White "Cheng, Bobby"]
[Black "Boros, Denes"]
[Result "1/2-1/2"]
[WhiteTitle "IM"]
[BlackTitle "GM"]
[WhiteElo "2520"]
[BlackElo "2442"]
[WhiteTeam "Australia Kangaroos"]
[BlackTeam "Webster Windmills"]
[WhiteFideId "4300033"]
[BlackFideId "722340"]
[EventDate "2019.01.08"]

1. d4 e6 2. c4 f5 3. Nc3 Nf6 4. Qc2 Bb4 5. Bg5 h6 6. Bxf6 Qxf6 7. e3 b6 8. Bd3
Bb7 9. f3 Qg5 10. Qd2 Bxc3 11. bxc3 Nc6 12. Nh3 Qh4+ 13. Nf2 Na5 14. O-O O-O 15.
Qe2 c5 16. e4 Rae8 17. Rfe1 Qh5 18. Rad1 Nc6 19. Bb1 d6 20. Qc2 Bc8 21. Nh3 Qh4
22. a4 cxd4 23. cxd4 Nxd4 24. Qf2 Qxf2+ 25. Nxf2 e5 26. f4 g6 27. fxe5 dxe5 28.
exf5 gxf5 29. Nd3 Nc6 30. c5 Rd8 31. cxb6 axb6 32. Rc1 1/2-1/2

[Event "PRO League Group Stage"]
[Site "chess.com INT"]
[Date "2019.01.30"]
[Round "4"]
[White "Grabinsky, Aaron"]
[Black "Song, Raymond"]
[Result "1-0"]
[BlackTitle "FM"]
[WhiteElo "2350"]
[BlackElo "2329"]
[WhiteTeam "Webster Windmills"]
[BlackTeam "Australia Kangaroos"]
[WhiteFideId "2087090"]
[BlackFideId "3203824"]
[EventDate "2019.01.08"]

1. e4 c5 2. Nf3 e6 3. d3 Nc6 4. g3 g6 5. Bg2 Bg7 6. O-O Nge7 7. Re1 O-O 8. Nbd2
d6 9. h4 h6 10. c3 b5 11. Nf1 a5 12. Rb1 a4 13. Be3 a3 14. d4 axb2 15. Rxb2 Qa5
16. Qd2 cxd4 17. Nxd4 Nxd4 18. cxd4 Bd7 19. Rc2 Nc6 20. e5 d5 21. Qc1 Rfc8 22.
Ree2 Qa4 23. Qb2 Na5 24. Qc1 Kh7 25. h5 gxh5 26. f4 Nc4 27. Bf2 Qa3 28. Qb1 Kg8
29. f5 exf5 30. Bxd5 Ra6 31. Bb7 Bc6 32. Rxc4 Bxb7 33. Rxc8+ Bxc8 34. Qxb5 Kh7
35. Rc2 Be6 36. Ne3 Ra5 37. Qe2 h4 38. gxh4 f4 39. Nc4 Qh3 40. Qe4+ Bf5 41. Qxf4
Ra4 42. Rc1 Rxa2 43. Ne3 Bg6 44. Re1 h5 45. Qg3 Qd7 46. Ng2 Bh6 47. Nf4 Bxf4 48.
Qxf4 Qd5 49. Kh2 Ra3 50. Re3 Ra1 51. Qf3 Qb5 52. e6 Qb8+ 53. Bg3 Qb1 54. Re1
Qc2+ 55. Re2 Qd1 56. exf7 Ra8 57. Bd6 Ra1 58. f8=Q Qg1+ 59. Kh3 Ra7 60. Re7+
Rxe7 61. Qxe7+ 1-0

[Event "PRO League Group Stage"]
[Site "chess.com INT"]
[Date "2019.01.30"]
[Round "4"]
[White "Bykhovsky, Anatoly"]
[Black "Le, Tuan Minh"]
[Result "1-0"]
[WhiteTitle "GM"]
[BlackTitle "IM"]
[WhiteElo "2496"]
[BlackElo "2515"]
[WhiteTeam "New York Marshalls"]
[BlackTeam "Pittsburgh Pawngrabbers"]
[WhiteFideId "2806991"]
[BlackFideId "12401153"]
[EventDate "2019.01.08"]

1. d4 Nf6 2. c4 e6 3. Nf3 Bb4+ 4. Nbd2 O-O 5. a3 Be7 6. e4 d6 7. Bd3 c5 8. d5 e5
9. Nf1 a6 10. b4 Nbd7 11. Ng3 g6 12. Bh6 Re8 13. h3 b5 14. O-O Rb8 15. Qd2 Bf8
16. Be3 h5 17. Rfb1 bxc4 18. Bxc4 h4 19. Nxh4 Nxe4 20. Nxe4 Qxh4 21. f3 f5 22.
Bf2 Qf4 23. Be3 Qh4 24. Bg5 Qh8 25. Nf2 e4 26. bxc5 Nxc5 27. fxe4 fxe4 28. Be3
Nd7 29. Bf1 Rxb1 30. Rxb1 Bg7 31. Rc1 Qh4 32. Rc6 Ne5 33. Rxd6 Qg4 34. hxg4 1-0

[Event "PRO League Group Stage"]
[Site "chess.com INT"]
[Date "2019.01.30"]
[Round "4"]
[White "Erenburg, Sergey"]
[Black "Robson, Ray"]
[Result "1/2-1/2"]
[WhiteTitle "GM"]
[BlackTitle "GM"]
[WhiteElo "2589"]
[BlackElo "2667"]
[WhiteTeam "Pittsburgh Pawngrabbers"]
[BlackTeam "Webster Windmills"]
[WhiteFideId "2805642"]
[BlackFideId "2023970"]
[EventDate "2019.01.08"]

1. e4 e5 2. Nf3 Nc6 3. Bb5 Nf6 4. O-O Nxe4 5. d4 Nd6 6. Bxc6 dxc6 7. dxe5 Nf5 8.
Qxd8+ Kxd8 9. h3 Ke8 10. Nc3 h5 11. Ne2 Be7 12. Bg5 h4 13. Rad1 Rh5 14. Bxe7
Nxe7 15. Nf4 Rh6 16. Rd2 Bf5 17. Rfd1 Rc8 18. c4 c5 19. b3 b6 20. e6 f6 21. Nh2
g5 22. Nd5 Nxd5 23. cxd5 Ke7 24. Nf1 Rd8 25. Ne3 Bg6 26. Nc4 Rhh8 27. f3 Be8 28.
Ne3 Bg6 29. Nc4 Be8 30. Kf2 Rg8 31. Ne3 Bg6 32. Nc4 Be8 33. a4 f5 34. Re1 Bg6
35. Ne5 Be8 36. Nc4 Bg6 37. Ne5 Be8 38. Red1 Kf6 39. Nc4 Ke7 40. Re1 1/2-1/2

[Event "PRO League Group Stage"]
[Site "chess.com INT"]
[Date "2019.01.30"]
[Round "4"]
[White "Sevian, Samuel"]
[Black "Sarana, Alexey"]
[Result "1/2-1/2"]
[WhiteTitle "GM"]
[BlackTitle "GM"]
[WhiteElo "2647"]
[BlackElo "2630"]
[WhiteTeam "Montclair Sopranos"]
[BlackTeam "Australia Kangaroos"]
[WhiteFideId "2040506"]
[BlackFideId "24133795"]
[EventDate "2019.01.08"]

1. e4 c5 2. Nf3 d6 3. d4 cxd4 4. Nxd4 Nf6 5. Nc3 a6 6. Be2 e5 7. Nb3 Be7 8. Be3
Be6 9. Nd5 Nbd7 10. Qd3 O-O 11. O-O Bxd5 12. exd5 Nc5 13. Nxc5 dxc5 14. Rad1 Bd6
15. Bg5 e4 16. Qb3 Qe7 17. Rfe1 Rad8 18. g3 h6 19. Bxf6 Qxf6 20. Qxb7 Rb8 21.
Qxa6 Rxb2 22. Rb1 Rxc2 23. Qa4 e3 24. fxe3 Rd2 25. Rbd1 Qe5 26. Qf4 Qe7 27. Qf3
Rxa2 28. Bd3 g6 29. Re2 Ra3 30. Qe4 Qd7 31. Qh4 Kg7 32. Rf2 Be5 33. Qe4 Re8 34.
Rdf1 f5 35. Qc4 Rc3 36. Qb5 Qxb5 37. Bxb5 Rb8 38. Bc6 Rxe3 39. Rc2 Kf6 40. Kg2
Bd6 41. Rff2 h5 42. Rfe2 Rbb3 43. Rxe3 Rxe3 44. Kf2 Re4 45. Re2 Rxe2+ 46. Kxe2
g5 47. Be8 h4 48. gxh4 g4 49. h3 gxh3 50. Kf3 c4 51. Ba4 c3 52. Bc2 f4 53. Be4
Kg7 54. Ke2 Kf6 55. Kd3 Be5 56. Kc2 Ke7 57. Kd3 Kd6 58. h5 Kc5 59. h6 Kb4 60.
Kc2 Kc4 61. h7 Kc5 62. Kd3 h2 63. Bf3 Kd6 64. Be4 Kd7 65. Bf3 Kc7 66. Be4 Kb6
67. Bf3 Kc5 68. Bh1 Bf6 69. Bg2 Kb5 70. d6 Kb6 71. Bh1 Be5 72. Bg2 Bf6 73. Bh1
Bh8 74. Bg2 1/2-1/2

[Event "PRO League Group Stage"]
[Site "chess.com INT"]
[Date "2019.01.30"]
[Round "4"]
[White "Ashwin, Jayaram"]
[Black "Shabalov, Alexander"]
[Result "1-0"]
[WhiteTitle "GM"]
[BlackTitle "GM"]
[WhiteElo "2500"]
[BlackElo "2529"]
[WhiteTeam "Webster Windmills"]
[BlackTeam "Pittsburgh Pawngrabbers"]
[WhiteFideId "5018137"]
[BlackFideId "2008572"]
[EventDate "2019.01.08"]

1. d4 f5 2. g3 Nf6 3. Bg2 g6 4. Nf3 Bg7 5. O-O O-O 6. c4 d6 7. Nc3 c6 8. Rb1 Kh8
9. b4 Be6 10. d5 Bg8 11. Nd4 Qc8 12. Bb2 cxd5 13. Nxd5 Qd7 14. Qd2 Na6 15. Nb5
Bxd5 16. Bxd5 e6 17. Bg2 d5 18. a4 Rad8 19. c5 b6 20. Rfc1 bxc5 21. bxc5 Rc8 22.
Ba3 Rfd8 23. Qa5 Nb8 24. Nxa7 Nc6 25. Nxc6 Rxc6 26. Rb6 Rdc8 27. Qb5 Rxb6 28.
Qxb6 Qxa4 29. Bb2 Qc6 30. Ra1 Kg8 31. Ra6 Qxb6 32. cxb6 Nd7 33. Bxg7 Kxg7 34.
Ra7 Rd8 35. Rc7 Kf6 36. b7 Ke7 37. e3 Kd6 38. Rc8 Ke7 39. Bf1 Nb8 40. Bb5 Rf8
41. f4 Rd8 42. Kf2 h6 43. Ke2 g5 44. Kd3 gxf4 45. gxf4 h5 46. Kd4 h4 47. Ke5 h3
48. Rxd8 Kxd8 49. Kd6 1-0

[Event "PRO League Group Stage"]
[Site "chess.com INT"]
[Date "2019.01.30"]
[Round "4"]
[White "Le, Tuan Minh"]
[Black "Boros, Denes"]
[Result "1-0"]
[WhiteTitle "IM"]
[BlackTitle "GM"]
[WhiteElo "2515"]
[BlackElo "2442"]
[WhiteTeam "Pittsburgh Pawngrabbers"]
[BlackTeam "Webster Windmills"]
[WhiteFideId "12401153"]
[BlackFideId "722340"]
[EventDate "2019.01.08"]

1. Nf3 e6 2. d4 f5 3. g3 Nf6 4. Bg2 d5 5. O-O Bd6 6. c4 O-O 7. b3 b6 8. Ba3 Bb7
9. Bxd6 cxd6 10. cxd5 Bxd5 11. Nc3 Bxf3 12. Bxf3 d5 13. Rc1 Qd7 14. e3 a6 15.
Na4 Qd6 16. Qc2 Ra7 17. Rfd1 g5 18. Qc3 a5 19. Rd2 Rff7 20. Rdc2 Rad7 21. Qd3
Ne4 22. Qb5 Rb7 23. Rc8+ Kg7 24. Bxe4 fxe4 25. Qe8 Rf8 26. Qh5 h6 27. h4 gxh4
28. Qxh4 Rbf7 29. R1c2 Nd7 30. Qg4+ Kh7 31. R8c6 Qb4 32. Nc3 Rf6 33. Rxe6 Rg8
34. Qh3 Rg5 35. Rxf6 Nxf6 36. Qe6 Kg6 37. Ne2 Rf5 38. Nf4+ Rxf4 39. exf4 Qe1+
40. Kg2 Qd1 41. Rc3 h5 42. Qe5 Qg4 43. Rc6 Qf3+ 44. Kg1 Qd1+ 45. Kh2 1-0

[Event "PRO League Group Stage"]
[Site "chess.com INT"]
[Date "2019.01.30"]
[Round "4"]
[White "Grabinsky, Aaron"]
[Black "Canty, James"]
[Result "1-0"]
[WhiteElo "2350"]
[BlackElo "2222"]
[WhiteTeam "Webster Windmills"]
[BlackTeam "Pittsburgh Pawngrabbers"]
[WhiteFideId "2087090"]
[BlackFideId "2055945"]
[EventDate "2019.01.08"]

1. e4 c5 2. Nf3 g6 3. d4 cxd4 4. Qxd4 Nf6 5. Nc3 Nc6 6. Qa4 d6 7. e5 Ng4 8. exd6
Bg7 9. Be2 O-O 10. O-O Qxd6 11. h3 Nge5 12. Be3 Qb4 13. Qxb4 Nxb4 14. Nd4 Nec6
15. Nxc6 bxc6 16. Rfc1 Bf5 17. g4 Bxc2 18. a3 Bxc3 19. bxc3 Bd3 20. cxb4 Bxe2
21. Rxc6 a5 22. Re1 Bf3 23. Rc3 axb4 24. axb4 f5 25. Bh6 fxg4 26. Bxf8 Kxf8 27.
b5 Rb8 28. Rb1 Rb6 29. Rb4 h5 30. hxg4 hxg4 31. Kh2 Kf7 32. Kg3 g5 33. Rc5 Kf6
34. Rc3 Kf5 35. Rc8 Kf6 36. Rc3 Kf5 37. Ra3 e6 38. Rc3 e5 39. Rxf3+ gxf3 40.
Kxf3 g4+ 41. Ke3 e4 42. Kd4 Kf4 43. Kc5 Rb8 44. Rb3 Rc8+ 45. Kb4 Re8 46. b6 e3
47. Rxe3 Rb8 48. Kb5 1-0

[Event "PRO League Group Stage"]
[Site "chess.com INT"]
[Date "2019.01.30"]
[Round "4"]
[White "Kuybokarov, Temur"]
[Black "Lenderman, Aleksandr"]
[Result "0-1"]
[WhiteTitle "IM"]
[BlackTitle "GM"]
[WhiteElo "2513"]
[BlackElo "2637"]
[WhiteTeam "Australia Kangaroos"]
[BlackTeam "Montclair Sopranos"]
[WhiteFideId "14203049"]
[BlackFideId "2021285"]
[EventDate "2019.01.08"]

1. d4 d5 2. c4 e6 3. Nc3 a6 4. cxd5 exd5 5. Qb3 Nf6 6. Bg5 c6 7. e4 Be7 8. Bxf6
Bxf6 9. e5 Be7 10. Bd3 O-O 11. Qc2 h6 12. O-O-O Be6 13. f4 c5 14. dxc5 d4 15.
Na4 Nc6 16. Bc4 Bxc4 17. Qxc4 b5 18. cxb6 Nxe5 19. Qxd4 Qc8+ 20. Qc3 Nc4 21. Rd4
Ne3 22. b7 Qxb7 23. Qxe3 Rac8+ 24. Kb1 Qxg2 25. Qf3 Qc2+ 0-1

[Event "PRO League Group Stage"]
[Site "chess.com INT"]
[Date "2019.01.30"]
[Round "4"]
[White "Checa, Nicolas"]
[Black "Cheng, Bobby"]
[Result "1-0"]
[WhiteTitle "IM"]
[BlackTitle "IM"]
[WhiteElo "2508"]
[BlackElo "2520"]
[WhiteTeam "Montclair Sopranos"]
[BlackTeam "Australia Kangaroos"]
[WhiteFideId "2069342"]
[BlackFideId "4300033"]
[EventDate "2019.01.08"]

1. d4 d5 2. c4 e6 3. Nc3 Be7 4. Nf3 Nf6 5. Bf4 O-O 6. Rc1 c5 7. dxc5 Qa5 8. cxd5
Nxd5 9. Bd6 Rd8 10. Bxe7 Nxe7 11. b4 Rxd1+ 12. Rxd1 Qc7 13. Nb5 Qd7 14. Rxd7
Bxd7 15. Nc7 1-0